Tabela wszechczasów LaLigi - Statystyki

Ogólne statystyki
  • Ten quiz został rozwiązany 300 razy
  • Średni wynik to 17 z 30
Statystyki odpowiedzi
Punkty Klub % Poprawnych
5784 Real Madryt
100%
5624 Barcelona
99%
4609 Atletico Madryt
95%
3743 Sevilla
93%
4394 Valencia
88%
4442 Athletic Bilbao
82%
3369 Real Sociedad
82%
2454 Real Betis
80%
1175 Villarreal
76%
3579 Espanyol
67%
749 Getafe
64%
1518 Malaga
61%
1288 Mallorca
60%
2110 Deportivo La Coruna
57%
608 Levante
55%
1686 Osasuna
55%
2308 Celta Vigo
50%
813 Elche
50%
1365 Las Palmas
50%
615 Deportivo Alaves
48%
747 Rayo
48%
921 Granada
45%
1883 Real Valladolid
41%
2616 Real Zaragoza
29%
1696 Racing
28%
1516 Real Oviedo
27%
1771 Sporting Gijon
27%
593 Tenerife
22%
578 Real Murcia
16%
701 Hercules
13%
Nie znaleziono quizów pasujących do podanych kryteriów
Rozkład punktacji
Procent ludzi z każdym wynikiem
Percentyl według liczby udzielonych odpowiedzi
Twoja historia wyników
Nie rozwiązałeś tego quizu